| 000 | 00866 a2200241 4500 | ||
|---|---|---|---|
| 008 | 080821t xxu||||| |||| 00| 0 eng d | ||
| 010 | _aENG-84970 | ||
| 020 |
_a8185396574 _c750.00 |
||
| 035 | _aEN-68503 | ||
| 037 | _bD.B.Act / Pub | ||
| 082 | _a910 | ||
| 100 | _aShivkumar, T. S. | ||
| 245 |
_aDevelopment of modern geography _cby T. S. Shivkumar |
||
| 246 | _aModern geography | ||
| 250 | _a1st ed. | ||
| 260 |
_aDelhi _bS. S. Publishers _c2006 |
||
| 270 |
_aIX/5572, West Seelampur, Gandhi Nagar _bDelhi _cDelhi _e110031 _k22433202 |
||
| 300 |
_a279 p. _c22 cm. (Hb) |
||
| 500 | _aIncludes index | ||
| 650 |
_aGeography _xmodern |
||
| 942 |
_adpl _cEN _k883.08 / RAN _2ddc _h883.08 _mRAN |
||
| 999 |
_c820 _d820 |
||